The 20 Most Famous Historical Figures - Statistics

General Stats
  • This quiz has been taken 85 times
    60 since last reset
  • The average score is 7 of 20
Answer Stats
Hint Answer % Correct
9. Adolf Hitler
87%
1. Jesus Christ
72%
14. George Washington
68%
2. Muhammad
57%
12. Napoleon Bonaparte
57%
15. Alexander the Great
47%
11. Genghis Khan
43%
4. Albert Einstein
38%
19. Abraham Lincoln
32%
3. Isaac Newton
32%
6. Martin Luther King Jr.
32%
8. Cleopatra
28%
13. Plato
26%
7. Aristotle
23%
18. Julius Ceasar
23%
5. William Shakespeare
23%
17. Leonardo da Vinci
19%
10. Wolfgang Amadeus Mozart
15%
16. Charles Darwin
13%
20. Ludwig Van Beethoven
13%
No matching quizzes found
Score Distribution
Percent of People with Each Score
Percentile by Number Answered
Your Score History
You have not taken this quiz since the last reset